An Insight into International Financial Reporting Standards (Record no. 34467)
[ view plain ]
| 000 -LEADER | |
|---|---|
| fixed length control field | 00382nam a2200133Ia 4500 |
| 008 - FIXED-LENGTH DATA ELEMENTS--GENERAL INFORMATION | |
| fixed length control field | 231019s9999 xx 000 0 und d |
| 082 ## - DEWEY DECIMAL CLASSIFICATION NUMBER | |
| Classification number | 657.0218 |
| Item number | MOH-A |
| 100 ## - MAIN ENTRY--AUTHOR | |
| Author Name | Hafiz Mohyuddin Tahir Mahmood |
| 245 #3 - TITLE STATEMENT | |
| Title | An Insight into International Financial Reporting Standards |
| 260 ## - PUBLICATION, DISTRIBUTION, ETC. | |
| Place of Publication | Lahore, Pakistan |
| Name of publisher, distributor, etc. | Ilmi Kitab Khana |
| Date of publication, distribution, etc. | 2015 |
| 300 ## - PHYSICAL DESCRIPTION | |
| Pages | 575 |
| 650 ## - SUBJECT ADDED ENTRY--TOPICAL TERM | |
| Subject / Department | Finance |
| 952 ## - LOCATION AND ITEM INFORMATION (KOHA) | |
| -- | 0 |
| -- | 0 |
| Lost status | Damaged status | Permanent Location | Current Location | Date acquired | Full Call Number | Accession No./Barcode | Date last seen | item type |
|---|---|---|---|---|---|---|---|---|
| Superior Information Resource Center (SIRC) Superior University - City Campus | Superior Information Resource Center (SIRC) Superior University - City Campus | 10/19/2023 | 657.0218 MOH-A | 28016 | 10/19/2023 | BOOK |
